| Поле | Инд. | ПП | Название | Значение |
|---|---|---|---|---|
| Тип записи | a | |||
| Библиографический уровень | m | |||
| 001 | Контрольный номер | RU/IS/BASE/190385559 | ||
| 005 | Дата корректировки | 20230216101029.3 | ||
| 020 | a | ISBN | 5-93455-011-Х | |
| 040 | b | Код языка каталог. | rus | |
| 041 | 0_ | a | Код языка текста | rus |
| 080 | a | Индекс УДК | 004.42 | |
| 084 | a | Индекс другой классификации/Индекс ББК | 32.973.26-018.2 | |
| 090 | a | Полочн. индекс | 681.3 | |
| x | Авторский знак | Р17 | ||
| 097 | b | Оператор | 02 | |
| 100 | 1_ | a | Автор | Разевиг В. Д. |
| 245 | 10 | a | Заглавие | Система P-CAD 8.5-8.7 |
| b | Продолж. заглавия | руководство пользователя | ||
| 260 | a | Место издания | М. | |
| b | Издательство | СОЛОН-Р | ||
| c | Дата издания | 1999 | ||
| 300 | a | Объем | 718 с. | |
| 510 | 0_ | a | Примечание о ссылках | Книги и методические пособия |
| 650 | 04 | a | Основная рубрика | 50.41 Программное обеспечение вычислительных машин, комплексов и сетей |
| x | Основная подрубрика | 50.41.17 Системное программное обеспечение | ||
| 653 | 0_ | a | Ключевые слова | P-CAD; программы (выч. техника); прикладные программы |
| 901 | t | Тип документа | m |